Handwörterbuch der Naturwissenschaften. III., Echinoderida bis Fette /
Saved in:
| Other Authors: | , |
|---|---|
| Format: | Book |
| Language: | German |
| Published: |
Jena :
Verlag von Gustav Fischer,
1931.
|
| Edition: | 1. Aufl. |
| ISBN: |
(viaz.) |
| Physical Description: |
1230 s. |
| Tags: |
Add Tag
No Tags, Be the first to tag this record!
|
Titul je dostupný aj v ... 

MARC
| LEADER | 00000nam a2200000 a 4500 | ||
|---|---|---|---|
| 001 | 000201613 | ||
| 005 | 20101127201406.0 | ||
| 008 | 040101s1931 gw e d 000 0 ger d | ||
| 020 | |a (viaz.) | ||
| 040 | |a SVKKK |b slo |c SVKKK |e AACR2 | ||
| 041 | 0 | |a ger | |
| 044 | |a gw |c DE | ||
| 245 | 0 | 0 | |a Handwörterbuch der Naturwissenschaften. |n III., |p Echinoderida bis Fette / |c Herausgegeben Rudolf Dittler, Georg Joos. |
| 246 | 3 | 0 | |a Echinoderida bis Fette |
| 250 | |a 1. Aufl. | ||
| 260 | |a Jena : |b Verlag von Gustav Fischer, |c 1931. | ||
| 300 | |a 1230 s. | ||
| 700 | 1 | |a Ditter, Rudolf |4 com | |
| 700 | 1 | |a Joos, Georg |4 com | |
| 910 | |a svkkk | ||
| 998 | |a BK | ||
| 090 | |g SCKHL |k Sklad Pribinova 3. posch. |a V.7759 |j 101649 |i 2720009505 |s Prezenčne | ||